000 01528naa a22004097a 4500
001 BR6008413
003 BR-BrBNA
005 20240918172931.0
007 ta
008 230509b bl.||||| |||| 00| 0 por d
040 _aBR-BrBNA
_bpor
_cBiblioteca Nacional de Agricultura
041 _a(Pt)
072 _aF25; F60
_b0230
_b3820
_b3830
_b3810
_bG514
090 _aF25 BR6008413
100 1 _aParanhos, S.B.
100 1 _aMalavolta, E.
100 1 _aSamuels, G.
100 1 _aSultanun, E.
100 1 _aRossetto, A.
100 1 _aGuimaraes, E.
111 1 _a4. Seminario Copersucar da Agroindustria Acucareira
_cAguas de Lindoia, SP (Brazil)
_d5 Apr 1976
245 1 _aNutricao [cana de acucar, Saccharum officinarum, fertilizante, nitrogenado, fertilizante fosfatado, fertilizante potassico, rendimento, adubacao, Brasil]
_bMesa redonda
260 3 _aSao Paulo, SP (Brasil):
_c1977.
500 _aAnais do 4. Seminario Copersucar da Agroindustria Acucareira Sao Paulo, SP (Brasil): 1977. p. 217-225 (BR6008413-AM)F25
650 _aFERTILIDADE DO SOLO
650 _aFERTILIZANTE
650 _aNUTRICAO VEGETAL
650 _aCANA DE ACUCAR
650 _aFERTILIZANTE NITROGENADO
650 _aFERTILIZANTE FOSFATADO
650 _aFERTILIZANTE POTASSICO
650 _aRENDIMENTO
650 _aADUBACAO
773 0 _tAnais do 4. Seminario Copersucar da Agroindustria Acucareira
_wF25 BR6008413
_gSao Paulo, SP (Brasil), 1977. p. 217-225
909 _a202404
_bLucia
_c55
_dLucia Elande
942 _cAM
_2AGRIS
999 _c302135
_d302135